The interpreters / (Record no. 4424)

000 -LEADER
fixed length control field 00773cam a22002771 4500
001 - CONTROL NUMBER
control field 10345269
003 - CONTROL NUMBER IDENTIFIER
control field OSt
005 - DATE AND TIME OF LATEST TRANSACTION
control field 20251106123141.0
008 - FIXED-LENGTH DATA ELEMENTS--GENERAL INFORMATION
fixed length control field 751119s1965 enk 000 1 eng
010 ## - LIBRARY OF CONGRESS CONTROL NUMBER
LC control number 66038602
015 ## - NATIONAL BIBLIOGRAPHY NUMBER
National bibliography number GB65-5160
035 ## - SYSTEM CONTROL NUMBER
System control number 10345269
035 ## - SYSTEM CONTROL NUMBER
System control number (OCoLC)1842667
040 ## - CATALOGING SOURCE
Original cataloging agency DLC
Transcribing agency MCM
Modifying agency OCoLC
-- NN
-- Uk
-- DLC
042 ## - AUTHENTICATION CODE
Authentication code premarc
050 00 - LIBRARY OF CONGRESS CALL NUMBER
Classification number PR9387.9.S69 1965
Item number In
100 1# - MAIN ENTRY--PERSONAL NAME
Personal name Soyinka, Wole.
245 14 - TITLE STATEMENT
Title The interpreters /
Statement of responsibility, etc Wole Soyinka.
260 ## - PUBLICATION, DISTRIBUTION, ETC. (IMPRINT)
Place of publication, distribution, etc [London]
Name of publisher, distributor, etc A. Deutsch
Date of publication, distribution, etc [c1965]
300 ## - PHYSICAL DESCRIPTION
Extent 253 p. ;
Dimensions 21 cm.
651 #0 - SUBJECT ADDED ENTRY--GEOGRAPHIC NAME
Geographic name Nigeria
Form subdivision Fiction.
655 #7 - INDEX TERM--GENRE/FORM
Genre/form data or focus term Fiction.
Source of term lcgft
906 ## - LOCAL DATA ELEMENT F, LDF (RLIN)
a 7
b cbc
c oclcrpl
d u
e ncip
f 19
g y-gencatlg
942 ## - ADDED ENTRY ELEMENTS (KOHA)
Source of classification or shelving scheme
Koha item type Fiction and Non- Fiction novels
Holdings
Withdrawn status Lost status Source of classification or shelving scheme Damaged status Not for loan Home library Current library Shelving location Date acquired Total Checkouts Full call number Barcode Date last seen Date checked out Price effective from Koha item type
          Riara University Library Riara University Library Leisure Reading 06/11/2025 1 PR9387.9.S69 1965 10824/25 27/01/2026 15/12/2025 06/11/2025 Fiction and Non- Fiction novels

Riara University Library,
P.O. Box 49940-00100,
Nairobi, Kenya.